[Event "Stare Mesto op"]
[Site "Stare Mesto"]
[Date "2024.08.17"]
[Round "2"]
[White "Marek, Matyas"]
[Black "Parak, Dominik"]
[Result "1-0"]
[WhiteElo "2314"]
[BlackElo "2052"]
[PlyCount "83"]
[EventDate "2024.08.16"]
[EventType "swiss"]
[EventRounds "10"]
[EventCountry "CZE"]
[SourceTitle "EXT 2025"]
[Source "ChessBase"]
[SourceDate "2024.10.14"]
[SourceVersion "1"]
[SourceVersionDate "2024.10.14"]
[SourceQuality "1"]

1. e4 e6 2. d4 d5 3. Nc3 Bb4 4. e5 c5 5. Bd2 Bxc3 6. Bxc3 cxd4 7. Qxd4 Ne7 8. Nf3 Nd7 9. h4 h5 10. Qf4 Ng6 11. Qg3 Nc5 12. Ng5 Qc7 13. Bd4 Ne4 14. Nxe4 dxe4 15. c3 Bd7 16. Be2 Bc6 17. 0-0-0 0-0-0 18. Qg5 Rd5 19. c4 Ra5 20. Kb1 Qe7 21. Bc3 Qxg5 22. hxg5 Rxe5 23. Bxe5 Nxe5 24. Rxh5 Rxh5 25. Bxh5 f5 26. gxf6 gxf6 27. Be2 Kc7 28. Kc1 Ng6 29. g3 f5 30. Kd2 Kd6 31. Ke3+ Ke5 32. Rd8 Kf6 33. b4 a6 34. Rb8 e5 35. a4 f4+ 36. gxf4 exf4+ 37. Kd4 Ne7 38. Rf8+ Ke6 39. Bg4+ Kd6 40. b5 axb5 41. axb5 e3 42. c5+ 1-0

[Event "South Moravia Region-chT 2223"]
[Site "Czech Republic"]
[Date "2022.12.11"]
[Round "5.3"]
[White "Parak, Dominik"]
[Black "Vaculik, Martin1"]
[Result "1/2-1/2"]
[WhiteElo "2056"]
[BlackElo "1892"]
[PlyCount "28"]
[EventDate "2022.10.09"]
[EventType "team-tourn"]
[EventRounds "11"]
[EventCountry "CZE"]
[SourceTitle "EXT 2024"]
[Source "ChessBase"]
[SourceDate "2023.10.10"]
[SourceVersion "1"]
[SourceVersionDate "2023.10.10"]
[SourceQuality "1"]

1. e4 e5 2. Nf3 Nc6 3. Bb5 a6 4. Ba4 Nf6 5. d4 exd4 6. 0-0 Be7 7. e5 Ne4 8. Nxd4 Nc5 9. Nf5 Bf8 10. Bxc6 dxc6 11. Qxd8+ Kxd8 12. Nd4 Ne6 13. Nxe6+ Bxe6 14. Nc3 Bf5 1/2-1/2

[Event "South Moravia Region-chT 2223"]
[Site "Czech Republic"]
[Date "2022.11.13"]
[Round "3.7"]
[White "Parak, Dominik"]
[Black "Hyrs, Martin"]
[Result "1-0"]
[WhiteElo "2056"]
[BlackElo "1854"]
[PlyCount "87"]
[EventDate "2022.10.09"]
[EventType "team-tourn"]
[EventRounds "11"]
[EventCountry "CZE"]
[SourceTitle "EXT 2024"]
[Source "ChessBase"]
[SourceDate "2023.10.10"]
[SourceVersion "1"]
[SourceVersionDate "2023.10.10"]
[SourceQuality "1"]

1. e4 e5 2. Nf3 Nf6 3. Nxe5 d6 4. Nf3 Nxe4 5. d4 d5 6. Bd3 Be7 7. 0-0 Bf5 8. Re1 Nc6 9. c3 0-0 10. Qc2 Bg6 11. Bf4 Ng5 12. Nbd2 Nxf3+ 13. Nxf3 Bxd3 14. Qxd3 Re8 15. Rad1 f6 16. Re2 Qd7 17. Rde1 Rad8 18. h3 g6 19. Nh2 Kf7 20. Ng4 Bd6 21. Rxe8 Rxe8 22. Rxe8 Qxe8 23. Bxd6 Qe1+ 24. Kh2 cxd6 25. Qf3 Qe6 26. Ne3 Ne7 27. Qf4 Kg7 28. g4 g5 29. Qg3 h6 30. h4 Kg6 31. h5+ Kg7 32. Qf3 b5 33. Kg1 Qe4 34. Qe2 f5 35. f3 Qe6 36. Nxf5+ Kf6 37. Qxe6+ Kxe6 38. Nxe7 Kxe7 39. Kf2 a5 40. Ke3 Kf6 41. f4 Ke6 42. fxg5 hxg5 43. Kd3 Kf6 44. a4 1-0

[Event "CZE-chT1E 2122"]
[Site "Czech Republic"]
[Date "2022.02.19"]
[Round "8.6"]
[White "Parak, Dominik"]
[Black "Worek, Joanna"]
[Result "1/2-1/2"]
[WhiteElo "2130"]
[BlackElo "2274"]
[PlyCount "109"]
[EventDate "2021.10.09"]
[EventType "team-tourn"]
[EventRounds "11"]
[EventCountry "CZE"]
[SourceTitle "EXT 2023"]
[Source "ChessBase"]
[SourceDate "2022.10.05"]
[SourceVersion "1"]
[SourceVersionDate "2022.10.05"]
[SourceQuality "1"]
[WhiteTeam "Vsetin"]
[BlackTeam "Stare Mesto"]
[WhiteTeamCountry "CZE"]
[BlackTeamCountry "CZE"]

1. e4 c5 2. Nf3 Nc6 3. d4 cxd4 4. Nxd4 Nf6 5. Nc3 d6 6. Be2 e6 7. 0-0 Be7 8. Be3 0-0 9. Qd2 Bd7 10. Rad1 Nxd4 11. Bxd4 Bc6 12. Bf3 e5 13. Be3 h6 14. Rfe1 b5 15. Qd3 a6 16. Ne2 Re8 17. Ng3 Qc7 18. c4 Bf8 19. Rc1 Qb7 20. b3 g6 21. Qc2 Rac8 22. Qd3 Bd7 23. Qd2 Kh7 24. h3 Be6 25. cxb5 axb5 26. Rxc8 Rxc8 27. Rc1 Rxc1+ 28. Qxc1 b4 29. Qc2 d5 30. exd5 Bxd5 31. Bxd5 Nxd5 32. Qe4 Bg7 33. Nf1 f5 34. Qc4 h5 35. Bd2 f4 36. Nh2 Kh8 37. Qe4 Qc6 38. Nf3 Qd6 39. Qc4 Bf6 40. Be1 Kg7 41. Bd2 g5 42. Ne1 g4 43. hxg4 hxg4 44. Qc8 g3 45. Qg4+ Kf8 46. Nd3 gxf2+ 47. Nxf2 Ne7 48. Qe2 Qd4 49. Qd3 Qa1+ 50. Kh2 Bh4 51. Ne4 Qd1 52. Qd6 Qh5 53. Kg1 Qd1+ 54. Kh2 Qh5 55. Kg1 1/2-1/2

[Event "CZE-chT2E 2122"]
[Site "Czech Republic"]
[Date "2021.11.21"]
[Round "3"]
[White "Parak, Dominik"]
[Black "Kisa, Lubomir"]
[Result "1/2-1/2"]
[WhiteElo "2130"]
[BlackElo "2178"]
[PlyCount "41"]
[EventDate "2021.10.17"]
[EventType "team-tourn"]
[EventRounds "11"]
[EventCountry "CZE"]
[SourceTitle "EXT 2024"]
[Source "ChessBase"]
[SourceDate "2023.10.10"]
[SourceVersion "1"]
[SourceVersionDate "2023.10.10"]
[SourceQuality "1"]
[WhiteTeam "Kurim"]
[BlackTeam "Brno VSK Univ"]
[WhiteTeamCountry "CZE"]
[BlackTeamCountry "CZE"]

1. e4 c6 2. d4 d5 3. e5 g6 4. Nf3 Bg7 5. Bd3 Nh6 6. Bf4 f6 7. Qd2 Nf7 8. exf6 exf6 9. Qe3+ Qe7 10. Qxe7+ Kxe7 11. Nbd2 Be6 12. 0-0 Nd7 13. Rae1 Nf8 14. Re2 Kd7 15. Rfe1 Re8 16. h4 Nd6 17. b3 Bf7 18. Rxe8 Nxe8 19. c4 Ne6 20. Bg3 N8c7 21. a4 1/2-1/2

[Event "CZE-chT2E 1819"]
[Site "Czech Republic"]
[Date "2018.11.04"]
[Round "2.5"]
[White "Vranova, Zdenka"]
[Black "Parak, Dominik"]
[Result "1/2-1/2"]
[WhiteElo "1964"]
[BlackElo "2090"]
[PlyCount "122"]
[EventDate "2018.10.14"]
[EventType "team-tourn"]
[EventRounds "11"]
[EventCountry "CZE"]
[SourceTitle "EXT 2022"]
[Source "ChessBase"]
[SourceDate "2021.10.06"]
[SourceVersion "1"]
[SourceVersionDate "2021.10.06"]
[SourceQuality "1"]
[WhiteTeam "Stare Mesto II"]
[BlackTeam "Vsetin"]
[WhiteTeamCountry "CZE"]
[BlackTeamCountry "CZE"]

1. e4 e6 2. d4 d5 3. exd5 exd5 4. Nf3 Bd6 5. Bd3 Nf6 6. Bg5 0-0 7. 0-0 Bg4 8. Nbd2 Nbd7 9. c3 c6 10. Qc2 Qc7 11. Bh4 Rfe8 12. Rfe1 Bf4 13. Bg3 Bxg3 14. hxg3 g6 15. Nf1 c5 16. dxc5 Nxc5 17. Nd4 Nxd3 18. Qxd3 a6 19. Re3 Bd7 20. Rae1 Re4 21. f3 Rxe3 22. Rxe3 Rc8 23. Kf2 Qb6 24. Qd2 Ne8 25. Nb3 Be6 26. Qd4 Qb5 27. Nfd2 Nd6 28. a4 Qc6 29. Qb4 Nc4 30. Nxc4 dxc4 31. Nd4 Qd7 32. Nxe6 fxe6 33. Re4 b5 34. axb5 axb5 35. Rd4 Qe8 36. Qd6 Rc6 37. Qd7 Qxd7 38. Rxd7 b4 39. Ke3 bxc3 40. bxc3 Ra6 41. Rc7 Ra2 42. Rxc4 Kg7 43. Rc7+ Kf6 44. Rxh7 Rxg2 45. g4 Rc2 46. Rc7 Ke5 47. Kd3 Rc1 48. Rf7 g5 49. Rf8 Rf1 50. c4 Rd1+ 51. Kc3 Rc1+ 52. Kb4 Kd4 53. Rd8+ Ke3 54. Rd6 Rb1+ 55. Ka5 Kxf3 56. Rxe6 Kxg4 57. c5 Kf5 58. Rb6 Rc1 59. c6 g4 60. Rb5+ Kf4 61. Kb6 g3 1/2-1/2

[Event "CZE-chT2E 1819"]
[Site "Czech Republic"]
[Date "2018.10.14"]
[Round "1.6"]
[White "Fojtik, Tomas"]
[Black "Parak, Dominik"]
[Result "0-1"]
[WhiteElo "2076"]
[BlackElo "2090"]
[PlyCount "124"]
[EventDate "2018.10.14"]
[EventType "team-tourn"]
[EventRounds "11"]
[EventCountry "CZE"]
[SourceTitle "EXT 2022"]
[Source "ChessBase"]
[SourceDate "2021.10.06"]
[SourceVersion "1"]
[SourceVersionDate "2021.10.06"]
[SourceQuality "1"]
[WhiteTeam "Lipovec Garde"]
[BlackTeam "Vsetin"]
[WhiteTeamCountry "CZE"]
[BlackTeamCountry "CZE"]

1. d4 d5 2. Nf3 Nf6 3. c4 e6 4. g3 Ne4 5. Bg2 Bb4+ 6. Bd2 Nxd2 7. Nbxd2 0-0 8. 0-0 c6 9. c5 Ba5 10. Ne5 Nd7 11. Nd3 Bc7 12. f4 Qe7 13. Qc2 f5 14. b4 Nf6 15. Nf3 Ng4 16. Qd2 Bd7 17. Nfe5 Nxe5 18. Nxe5 Rfb8 19. Rfc1 b5 20. cxb6 Rxb6 21. Nd3 Rab8 22. a3 Bd6 23. Nc5 Rb5 24. Nb3 R5b6 25. e3 h5 26. h4 Qe8 27. Rc2 Qg6 28. Kf2 Be7 29. Bf3 Qe8 30. Be2 g6 31. Rac1 Kg7 32. Rc3 Bc8 33. R1c2 Bd7 34. Qc1 Qd8 35. Na5 Bxh4 36. gxh4 Qxh4+ 37. Kg2 g5 38. fxg5 Qxg5+ 39. Kf1 Kf6 40. Bf3 Qg3 41. Ke2 c5 42. Rxc5 Bb5+ 43. Rxb5 Rxb5 44. Qf1 Rg8 45. Kd1 Rbb8 46. Nc6 Rbc8 47. Rg2 Qc7 48. b5 a6 49. Rxg8 Rxg8 50. Qh1 Rg5 51. a4 axb5 52. axb5 Qd6 53. Qh4 Qa3 54. Bxh5 Qxe3 55. Ne5 Kg7 56. Nf3 Rg2 57. Qe7+ Kh6 58. Qf8+ Kxh5 59. Qh8+ Kg4 60. Ne5+ Kg3 61. Qg8+ Kf2 62. Qh8 Qe2+ 0-1

[Event "CZE-chT2E 1718"]
[Site "Czech Republic"]
[Date "2017.11.19"]
[Round "3.4"]
[White "Hosek, Martin"]
[Black "Parak, Dominik"]
[Result "1/2-1/2"]
[WhiteElo "2098"]
[BlackElo "2075"]
[PlyCount "40"]
[EventDate "2017.10.15"]
[EventType "team-tourn"]
[EventRounds "11"]
[EventCountry "CZE"]
[SourceTitle "EXT 2022"]
[Source "ChessBase"]
[SourceDate "2021.10.06"]
[SourceVersion "1"]
[SourceVersionDate "2021.10.06"]
[SourceQuality "1"]
[WhiteTeam "Jundrov Jezdci"]
[BlackTeam "Vsetin"]
[WhiteTeamCountry "CZE"]
[BlackTeamCountry "CZE"]

1. d4 d5 2. c4 c6 3. Nf3 Nf6 4. Nc3 e6 5. e3 Nbd7 6. Qc2 Bd6 7. b3 0-0 8. Be2 b6 9. 0-0 Bb7 10. Bb2 Rc8 11. Rac1 c5 12. cxd5 Nxd5 13. Qb1 Qe7 14. Rfd1 cxd4 15. Nxd4 N7f6 16. Bf3 Nxc3 17. Bxc3 Ba3 18. Bb2 Bxf3 19. Nxf3 Bxb2 20. Qxb2 Rfd8 1/2-1/2

[Event "CZE-chT2E 1617"]
[Site "Czech Republic"]
[Date "2017.02.12"]
[Round "8.4"]
[White "Parak, Dominik"]
[Black "Mayer, Josef"]
[Result "1-0"]
[WhiteElo "2079"]
[BlackElo "2092"]
[PlyCount "79"]
[EventDate "2016.09.10"]
[EventType "team-tourn"]
[EventRounds "11"]
[EventCountry "CZE"]
[SourceTitle "EXT 2022"]
[Source "ChessBase"]
[SourceDate "2021.10.06"]
[SourceVersion "1"]
[SourceVersionDate "2021.10.06"]
[SourceQuality "1"]
[WhiteTeam "Vsetin"]
[BlackTeam "Prusanky Podluzan"]
[WhiteTeamCountry "CZE"]
[BlackTeamCountry "CZE"]

1. e4 g6 2. d4 Bg7 3. Nf3 d6 4. c3 Nf6 5. Bd3 0-0 6. 0-0 Nc6 7. Re1 e5 8. d5 Ne7 9. h3 h6 10. Be3 Ne8 11. Nh2 f5 12. exf5 gxf5 13. Bc2 Kh8 14. c4 Rg8 15. Kh1 Nf6 16. Nc3 Bd7 17. Qc1 f4 18. Bd2 Nf5 19. Nf3 Nd4 20. Nxd4 exd4 21. Ne2 f3 22. Nf4 fxg2+ 23. Kg1 Bf8 24. Ng6+ Rxg6 25. Bxg6 Ng4 26. Bg5 hxg5 27. hxg4 Bxg4 28. Re8 Qf6 29. Rxa8 Qxg6 30. f3 Qh5 31. Rxf8+ Kg7 32. fxg4 Qh1+ 33. Kf2 Qh4+ 34. Kxg2 Qxg4+ 35. Kf2 Kxf8 36. Qf1 Kg7 37. Re1 Qh4+ 38. Ke2 g4 39. Qf4 d3+ 40. Kd2 1-0